[Event "USCF 2000 Absolute-ch corr"]
[Site "USA"]
[Date "2001.??.??"]
[Round "?"]
[White "Koziol, Jan Z"]
[Black "Erhgott, Kurt"]
[Result "1-0"]
[WhiteElo "2344"]
[BlackElo "2313"]
[PlyCount "75"]
[EventDate "2001.??.??"]
[EventType "tourn (corr)"]
[EventRounds "12"]
[EventCountry "USA"]
[SourceTitle "Corr 2006"]
[Source "ChessBase"]
[SourceDate "2006.04.01"]
[SourceVersion "3"]
[SourceVersionDate "2006.04.01"]
[SourceQuality "1"]

1. e4 c5 2. Nf3 Nc6 3. d4 cxd4 4. Nxd4 e6 5. Nc3 a6 6. Be2 Nge7 7. Be3 Nxd4 8. Qxd4 b5 9. 0-0 Nc6 10. Qd2 Be7 11. f4 Bb7 12. Rad1 d6 13. a4 b4 14. Na2 Qa5 15. Nc1 0-0 16. Nb3 Qc7 17. c4 e5 18. f5 Na5 19. Nxa5 Qxa5 20. Qd3 Rfe8 21. b3 Qc7 22. Bf3 Red8 23. Qd2 a5 24. Qf2 Ra6 25. Rd3 Bc6 26. Re1 Qb7 27. Qg3 Bf6 28. Qg4 Raa8 29. Rc1 Qc7 30. Rc2 Rac8 31. Rcd2 Ba8 32. Qh3 Bb7 33. Qh5 Bc6 34. g4 g6 35. Qh6 Qb7 36. Bg5 Bxg5 37. Qxg5 Bxe4 38. f6 1-0

[Event "USCF 1998 Absolute-ch corr"]
[Site "USA"]
[Date "1999.??.??"]
[Round "?"]
[White "Duliba, Edward"]
[Black "Erhgott, Kurt"]
[Result "1/2-1/2"]
[WhiteElo "2336"]
[BlackElo "2363"]
[PlyCount "63"]
[EventDate "1999.??.??"]
[EventType "tourn (corr)"]
[EventRounds "12"]
[EventCountry "USA"]
[SourceTitle "Corr 2006"]
[Source "ChessBase"]
[SourceDate "2006.04.01"]
[SourceVersion "3"]
[SourceVersionDate "2006.04.01"]
[SourceQuality "1"]

1. d4 Nf6 2. c4 e6 3. g3 Bb4+ 4. Bd2 Qe7 5. Bg2 0-0 6. Nc3 Nc6 7. a3 Bxc3 8. Bxc3 d5 9. Nf3 Ne4 10. 0-0 Nxc3 11. bxc3 Na5 12. cxd5 exd5 13. Nd2 Be6 14. e4 dxe4 15. Bxe4 f5 16. Bg2 Rae8 17. Re1 Qd6 18. Qc2 b6 19. Re5 Nc6 20. Re2 Na5 21. Rae1 Bf7 22. Rxe8 Bxe8 23. Bh3 g6 24. Qb2 Bf7 25. Bf1 c5 26. dxc5 Qxc5 27. Qb4 Qd5 28. c4 Qd7 29. Nf3 Nc6 30. Ne5 Nxe5 31. Rxe5 Qd4 32. Re7 1/2-1/2

[Event "USCF 1998 Absolute-ch corr"]
[Site "USA"]
[Date "1999.??.??"]
[Round "?"]
[White "Erhgott, Kurt"]
[Black "Brandhorst, Wesley Ted"]
[Result "1/2-1/2"]
[WhiteElo "2363"]
[BlackElo "2353"]
[PlyCount "96"]
[EventDate "1999.??.??"]
[EventType "tourn (corr)"]
[EventRounds "12"]
[EventCountry "USA"]
[SourceTitle "Corr 2006"]
[Source "ChessBase"]
[SourceDate "2006.04.01"]
[SourceVersion "3"]
[SourceVersionDate "2006.04.01"]
[SourceQuality "1"]

1. e4 e5 2. Nf3 Nc6 3. Bb5 a6 4. Ba4 Nf6 5. 0-0 Be7 6. Re1 b5 7. Bb3 d6 8. c3 0-0 9. h3 Bb7 10. d4 Re8 11. Nbd2 Bf8 12. a4 Qd7 13. axb5 axb5 14. Rxa8 Bxa8 15. d5 Na5 16. Bc2 c6 17. b4 Nb7 18. dxc6 Qxc6 19. Bb2 Rb8 20. Qe2 Nd8 21. Qe3 Ne6 22. Bb3 Bb7 23. c4 bxc4 24. Bxc4 Ba6 25. Bxe6 fxe6 26. Qb3 Qd7 27. Ra1 Bc8 28. Rc1 h6 29. Nh4 Qf7 30. Nhf3 Qb7 31. Ba3 Bd7 32. Re1 Rc8 33. Bb2 Nh5 34. Nb1 Nf4 35. Na3 Be7 36. b5 Rb8 37. Bc1 Ng6 38. Bd2 Kh7 39. Bc3 Nf4 40. Bd2 Kh8 41. Qb1 Ra8 42. Bc1 Qb6 43. Re3 Qc5 44. Qb2 Be8 45. Kh2 Qb6 46. Rc3 Ng6 47. Be3 Qb7 48. b6 Bc6 1/2-1/2